000 00343nam a2200133Ia 4500
008 240624s9999 xx 000 0 und d
041 _aeng
082 _a658.5 DAV
100 _aDAVIS MARVIN A
245 _aTAKE NO PRISONERS A NO HOLDS BARRED APPR
260 _c2008
_aNew York
_bAmacom
300 _ax, : 230 : p. : cm. ; 23
365 _c
_b30
999 _c16460
_d16460